|
|
|
|
| LEADER |
00000nab#a22000007a#4500 |
| 001 |
arbauad005119 |
| 003 |
AR-BaUAD |
| 005 |
20250711110701.0 |
| 008 |
940801|||||||||###||||||b###|0###a|spa|| |
| 040 |
|
|
|a AR-BaUAD
|c AR-BaUAD
|b spa
|
| 100 |
|
|
|a Naselli, César
|
| 245 |
|
|
|a Lectura de un diseñador :
|b JID visto al microscopio /
|c César Naselli;
|
| 300 |
0 |
|
|b fot., il.
|
| 653 |
|
|
|a DIAZ, TOGO
|
| 653 |
|
|
|a DIAZ, JOSE IGNACIO
|
| 653 |
|
|
|a CRITICA DE LA ARQUITECTURA
|
| 773 |
0 |
|
|t SUMMA
|g no. 143 [nov. 1979], p. 28-33
|
| 942 |
|
|
|c ARTI
|
| 952 |
|
|
|0 0
|1 0
|4 0
|7 0
|9 50039
|a AR-BAuAD
|b AR-BAuAD
|d 2025-07-11
|l 0
|p AAQA005119
|r 2025-07-11 11:07:01
|w 2025-07-11
|y ARTI
|
| 990 |
|
|
|a AQ197
|b TD
|
| 998 |
|
|
|a AAQ
|b BIBUN76
|
| 999 |
|
|
|c 29712
|d 29712
|